Top 15 des équipes de foot ayant le plus gagné la Ligue1 - Statistiques

Statistiques générales
  • Ce quiz a été pris 353 fois
  • Le résultat moyen est 9 sur 15
Statistiques - réponses
titres de champions Champions % Correct
12 titres PSG
95%
9 titres Marseille
93%
7 titres Lyon
89%
10 titres Saint Etienne
86%
6 titres Bordeaux
79%
8 titres Monaco
79%
8 titres Nantes
76%
4 titres OGC Nice
71%
4 titres LOSC
59%
6 titres Reims
54%
1 titre RC Paris
44%
2 titres FC Sochaux
33%
2 titres FC Sete
16%
1 titre CO Roubaix
9%
1 titre Olympique Lillois
5%
Aucun quiz correspondant
Distribution des résultats
% des personnes avec chaque résultat
Percentile par nombre de réponses
Votre historique - résultats
Vous n’avez pas pris ce quiz